000 00369nam a2200145Ia 4500
008 220217s9999||||xx |||||||||||||| ||und||
020 _a81-7722-060-0
082 _a005.3 BEI
100 _aBeizer, Boris
_92668
245 0 _aSoftware testing technics
250 _a2nd
260 _aDream tech
_bNew Delhi
_c2000
300 _b299
650 _aSOFTWARE TESTING
999 _c169556
_d169556